Exploring space / (Record no. 181361)
[ view plain ]
| 000 -LEADER | |
|---|---|
| fixed length control field | 00919 a2200265 4500 |
| 003 - CONTROL NUMBER IDENTIFIER | |
| control field | Nust |
| 005 - DATE AND TIME OF LATEST TRANSACTION | |
| control field | 20221125115946.0 |
| 010 ## - LIBRARY OF CONGRESS CONTROL NUMBER | |
| LC control number | 89011278 |
| 020 ## - INTERNATIONAL STANDARD BOOK NUMBER | |
| International Standard Book Number | 083680029X |
| 040 ## - CATALOGING SOURCE | |
| Transcribing agency | Nust |
| 082 00 - DEWEY DECIMAL CLASSIFICATION NUMBER | |
| Classification number | 520,BRO |
| 100 1# - MAIN ENTRY--PERSONAL NAME | |
| Personal name | Brown, Robert, |
| 9 (RLIN) | 100149 |
| 245 10 - TITLE STATEMENT | |
| Title | Exploring space / |
| Statement of responsibility, etc. | R. Brown, B. Jones. |
| 250 ## - EDITION STATEMENT | |
| Edition statement | North American ed. |
| 260 ## - PUBLICATION, DISTRIBUTION, ETC. | |
| Place of publication, distribution, etc. | Milwaukee : |
| Name of publisher, distributor, etc. | Gareth Stevens Children's Books, |
| Date of publication, distribution, etc. | 1990. |
| 300 ## - PHYSICAL DESCRIPTION | |
| Extent | 64 p. : |
| Other physical details | col. ill. ; |
| Dimensions | 27 cm. |
| 440 #0 - SERIES STATEMENT/ADDED ENTRY--TITLE | |
| Title | My first reference library |
| 9 (RLIN) | 100150 |
| 505 ## - FORMATTED CONTENTS NOTE | |
| Formatted contents note | Looking at Space (Page-4), Into Space (Page-12), The Universe Beyond (Page-26), The Night Sky (Page-34), Exploration (Page-34), The Future (Page-52). |
| 650 #0 - SUBJECT ADDED ENTRY--TOPICAL TERM | |
| Topical term or geographic name entry element | Astronomy |
| General subdivision | Juvenile literature. |
| 9 (RLIN) | 103600 |
| 650 #0 - SUBJECT ADDED ENTRY--TOPICAL TERM | |
| Topical term or geographic name entry element | Astronomy. |
| 651 #0 - SUBJECT ADDED ENTRY--GEOGRAPHIC NAME | |
| Geographic name | Outer space |
| General subdivision | Exploration |
| -- | Juvenile literature. |
| 9 (RLIN) | 103601 |
| 700 1# - ADDED ENTRY--PERSONAL NAME | |
| Personal name | Jones, Brian, |
| Dates associated with a name | 1953- |
| 9 (RLIN) | 103602 |
| 740 0# - ADDED ENTRY--UNCONTROLLED RELATED/ANALYTICAL TITLE | |
| Uncontrolled related/analytical title | Space. |
| 942 ## - ADDED ENTRY ELEMENTS (KOHA) | |
| Source of classification or shelving scheme | |
| Koha item type | Book |
| Call number prefix | 520,BRO |
| Withdrawn status | Lost status | Source of classification or shelving scheme | Damaged status | Not for loan | Permanent Location | Current Location | Shelving location | Date acquired | Full call number | Barcode | Date last seen | Price effective from | Koha item type | Public note |
|---|---|---|---|---|---|---|---|---|---|---|---|---|---|---|
| Military College of Signals (MCS) | Military College of Signals (MCS) | General Stacks | 12/12/2016 | 520,BRO | MCS2053 | 12/08/2016 | 12/12/2016 | Book | Almirah No. 15 Shelf No. 1 |
